| 000 | 00696cam a2200205 a 4500 | ||
|---|---|---|---|
| 001 | 12381924 | ||
| 005 | 20251128094654.0 | ||
| 008 | 010417s2000 njua b 001 0 eng | ||
| 020 | _a0130303666 | ||
| 020 | _a9780130303660 | ||
| 050 | 0 | 0 |
_aT467 _b.E62 2000 |
| 082 | 0 | 0 |
_a604.2 _221 |
| 245 | 0 | 0 |
_aEngineering graphics / _cFrederick E. Giesecke ... [et al.]. |
| 250 | _a7th ed. | ||
| 260 |
_aUpper Saddle River, NJ : _bPrentice Hall, _cc2000. |
||
| 300 |
_a1 v. (various pagings) : _bill. (some col.) ; _c26 cm. + _e1 computer laser optical disc (4 3/4 in.) |
||
| 650 | 0 | _aEngineering graphics. | |
| 700 | 1 |
_aGiesecke, Frederick E. _q(Frederick Ernest), _d1869-1953. |
|
| 942 |
_2lcc _cBK _e7th ed. _n0 |
||
| 999 |
_c8048 _d8048 |
||